Trh práce a sociálne dôsledky ekonomickej reformy v Slovenskej republike /

Salvato in:
Dettagli Bibliografici
Autore principale: Mihalik, Jozef (Autore)
Natura: Libro
Lingua:slovacco
Pubblicazione: Bratislava : Bradlo, 1994
Edizione:1.vyd.
Soggetti:
Tags: Aggiungi Tag
Nessun Tag, puoi essere il primo ad aggiungerne!!

MARC

LEADER 00000nam a22000003a 4500
001 stu8086
005 20150617225807.1
008 950103s1994----xo------------------slo-d
020 |a 80-7127-0490^ 
040 |a STU  |b slo 
041 0 |a slo 
044 |a xo 
080 |a 338.246 
080 |a 338.242 
080 |a 331.5 
100 1 |a Mihalik, Jozef  |4 aut 
245 1 |a Trh práce a sociálne dôsledky ekonomickej reformy v Slovenskej republike /  |c Mihalík,J. a kol 
250 |a 1.vyd. 
260 |a Bratislava :  |b Bradlo,  |c 1994 
300 |a 383 s 
650 7 |a prestavba ekonomiky  |2 stusub 
650 7 |a trh práce  |2 stusub 
996 |b E80050  |c R*80050  |l RRUM  |s A  |a 24  |w stu8086_0001